Statystyki dla Szkiełka - Histologia Szczegółowa

Kliknij tutaj aby rozwiązać quiz!

Ogólne statystyki

  • Ten quiz został rozwiązany 9 razy
  • Średni wynik to 33 z 53

Statystyki odpowiedzi

Odpowiedź% Poprawnych
pochwa
100%
dwunastnica
75%
grasica
75%
jądro
75%
jajnik
75%
jajowód
75%
jelito kręte
75%
macica
75%
migdałek
75%
nadnercze
75%
najądrze
75%
nasieniowód
75%
nerka
75%
pęcherz
75%
pęcherzyk żółciowy
75%
pępowina
75%
przełyk
75%
przytarczyce
75%
rogówka
75%
siatkówka
75%
skóra owłosiona
75%
śledziona
75%
ślinianka podjęzykowa
75%
ślinianka przyuszna
75%
tarczyca
75%
trzustka
75%
wątroba
75%
żołądek
75%
gruczoł krokowy (aldehyd glutarowy)
50%
gruczoł krokowy (formalina)
50%
gruczoł mlekowy czynny
50%
gruczoł mlekowy nieczynny
50%
jajnik ciałko żółte
50%
jelito czcze
50%
język brodawki nitkowate
50%
język brodawki okolone
50%
łożysko
50%
moczowód
50%
okrężnica
50%
płuco
50%
przysadka
50%
rdzeń kręgowy
50%
rozwój zęba
50%
skóra bez włosów
50%
tchawica
50%
węzeł chłonny
50%
wyrostek robaczkowy
50%
wyskrobiny z macicy (faza wydzielnicza)
50%
wyskrobiny z macicy (faza wzrostu)
50%
gruczoł łzowy
25%
móżdżek
25%
mózg
25%
szyszynka
25%

Rozkład punktacji

Percentyl według liczby udzielonych odpowiedzi

Procent ludzi z każdym wynikiem

Twoja historia wyników

Nie rozwiązałeś tego quizu